00607 2200229 4500001002100000005001500021035002000036245006100056100001400117250001600131300003400147856003600181700001000217260003000227082001000257084001400267020001800281600001400299520003200313990001600345990001600361INLIS00000000000061320200313124719 a0010-03200001821 aGalaksi simulasi esai-esai Jean Baudrillard /cImam Aziz0 aImam Aziz aCetakan ke2 aviii + 206 hlm ;c14,5 x 21cm aPerpustakaan Umum Kota Makassar0 aSanto aYogyakarta :bLKiS,c2016 a808.3 a808.3 GAL a979-8966-44-9 4aImam Aziz aCetakan pertama : Juli 2001 a00000001186 a00000001187